Zariadenie na meranie vibrácií stožiara anténnych sústav

Enregistré dans:
Détails bibliographiques
Auteur principal: Juraško, Jakub (Auteur)
Autres auteurs: Harťanský, René (Directeur de thèse)
Format: Manuscrit Livre
Langue:slovaque
Publié: Bratislava : STU v Bratislave FEI, 2023
Sujets:
Accès en ligne:https://opac.crzp.sk/?fn=detailBiblioFormChildQ18TS&sid=F806E6B7D49B8C8B116BFEF8458C&seo=CRZP-detail-kniha
Tags: Ajouter un tag
Pas de tags, Soyez le premier à ajouter un tag!

MARC

LEADER 00000ntm a22000003a 4500
001 stuzp91215
003 SK-STU
005 20241125131222.5
007 ta
008 150427s2015----xo-----f-mn---000-0-slo-d
040 |a STU  |b slo 
041 0 |a slo 
044 |a xo 
100 1 |a Juraško, Jakub  |u 034000  |4 aut  |U FEI Fakulta elektrotechniky a informatiky  |T FEI Ústav elektrotechniky  |X 98528  |U E040  |Y 550  |7 98528 
242 0 1 |a Device for measuring mast vibrations of antenna systems  |y eng 
245 1 0 |a Zariadenie na meranie vibrácií stožiara anténnych sústav 
260 |a Bratislava :  |b STU v Bratislave FEI,  |c 2023 
300 |a 91 s. 
650 4 |a stožiar  |2 slo 
650 4 |a mikrokontrolér  |2 slo 
650 4 |a vibrácia  |2 slo 
650 4 |a mast  |2 eng 
650 4 |a microcontroller  |2 eng 
650 4 |a vibration  |2 eng 
700 1 |a Harťanský, René  |u 034000  |k Z1  |4 ths  |U FEI Fakulta elektrotechniky a informatiky  |T FEI Ústav elektrotechniky  |X 2588  |U E040  |Y 550  |7 A000002588 
856 4 |u https://opac.crzp.sk/?fn=detailBiblioFormChildQ18TS&sid=F806E6B7D49B8C8B116BFEF8458C&seo=CRZP-detail-kniha